000 01110nam0a22002651 4500
001 rc\2212913
005 20110829170208.3
035 _a(NLR Aleph) 006488276
090 _a6105343
_c6105343
100 _a20110829d1979 |||y0rusy50 ca
101 0 _arus
102 _aRU
105 _aa z |||||
200 1 _aПрименение селективной флокуляции для обогащения бокситов
_f[Разраб. М.Л. Воловой и др.]
210 _aМосква
_cВИМС
_d1979
215 _a18 с., 1 л. схем.
_cил.
_d20
225 1 _aМетодические рекомендации
_fМ-во геологии СССР. ВНИИ минер. сырья (ВИМС). Науч. совет по методам технол. исслед.
_v№ 5
_iМетоды обогащения
320 _aБиблиогр.: с. 18
702 1 _aВолова
_bМ. Л.
_gМария Львовна
_4570
712 0 2 _aВНИИ минерального сырья
801 0 _aRU
_bNLR
_gpsbo
801 1 _aRU
_bELAR
_2rusmarc
852 _aNLR
_j81-4/27038
942 _cBOOK
980 _aNB